LEADER 01004nam0 22003011i 450 001 RML0283690 005 20231121125731.0 010 $a0471059307 100 $a20121121d2004 ||||0itac50 ba 101 | $aeng 102 $aus 181 1$6z01$ai $bxxxe 182 1$6z01$an 200 1 $aGPS satellite surveying$fAlfred Leick 205 $a3a ed 210 $aNew York $cWiley $d2004 215 $axxiv, 436 p.$cill.$d24 cm. 606 $aGPS$2FIR$3RMLC377835$9I 676 $a526.982$9$v21 700 1$aLeick$b, Alfred$3RMLV154740$031782 801 3$aIT$bIT-01$c20121121 850 $aIT-FR0099 899 $aBiblioteca Area Ingegneristica$bFR0099 912 $aRML0283690 950 0$aBiblioteca Area Ingegneristica$d 54DMS 526.9 LEI 2004$e 54VM 0000534495 VM barcode:ING1719M. - Inventario:1719M. - Fondo:Polo Didattico FrosinoneVM$fA $h20050224$i20121204 977 $a 54 996 $aGPS satellite surveying$933382 997 $aUNICAS LEADER 01170nam0 22002651i 450 001 UON00404895 005 20231205104713.466 100 $a20120208d1974 |0itac50 ba 101 $apor$aCHI 102 $aPT 105 $a|||| 1|||| 200 1 $aAlgumas considerações sobre a língua chinesa e o dialecto de Macau$fAldina de Araújo Oliveira 210 $a Lisboa$cSoc. de Língua Portuguesa$d1974 215 $a40 p.$cill.$d24 cm. 606 $aLINGUA PORTOGHESE E LINGUA CINESE$3UONC081057$2FI 620 $aPT$dLisboa$3UONL003135 676 $a809.6$cStoria, descrizione, studio critico di più d'una letteratura. Lettere$v21 700 1$aOLIVEIRA$bAldina : de Araujo$3UONV207490$0707795 712 $aSociedade de Língua Portuguesa$3UONV267315$4650 801 $aIT$bSOL$c20240220$gRICA 899 $aSIBA - SISTEMA BIBLIOTECARIO DI ATENEO$2UONSI 912 $aUON00404895 950 $aSIBA - SISTEMA BIBLIOTECARIO DI ATENEO$dSI Port Ling II 0406 $eSI PO 1149 5 0406 996 $aAlgumas considerações sobre a língua chinesa e o dialecto de Macau$91343814 997 $aUNIOR